000 00860nam a22002657a 4500
999 _c308041
_d308041
001 21832
003 UA-OsUOA
005 20191111120757.0
007 ta
008 20031215b un ||||| |||| 00| 0 ukr d
020 _a577730253Х
040 _aUA-OsUOA
_bukr
_cUA-OsUOA
_dUA-OsUOA
041 _aukr
044 _aUA
080 _a004.656(038)
090 _a004.656(038)
_bК71
100 _aКоссак О. М.
245 _aАнгло-український словник з інформатики та обчислювальної техніки: понад 15000 термінів
260 _aЛьвів
_bБаК
_c1995
300 _a304 с.
650 7 _a00 Загальні питання науки і культури
_2UDC
942 _cBK
_2udc
955 _a2